| 000 | 01658nam a2200445Ii 4500 | ||
|---|---|---|---|
| 001 | DIGUOCES0249 | ||
| 003 | NyNyDIG | ||
| 006 | m o d | ||
| 007 | cr ||||||||||| | ||
| 008 | 220323s2013 sp a ob 000 0 spa d | ||
| 035 | _a(OCoLC)1319853356 | ||
| 040 |
_aDGITA _beng _erda _epn _cDGITA |
||
| 020 |
_a9788490299517 _qeBook _qpdf |
||
| 020 | _z9788490299975 | ||
| 050 | 1 | 4 | _aPN1995.9.D6 ebook |
| 082 | 0 | 4 | _a959.8 |
| 100 | 1 |
_aSucari, Jacobo, _eauthor. |
|
| 245 | 1 | 3 |
_aEl documental expandido : _bpantalla y espacio / _cJacobo Sucari. |
| 250 | _aPrimera edición en formato digital. | ||
| 264 | 1 |
_aBarcelona : _bEditorial UOC, _c[2013] |
|
| 300 |
_a1 online resource : _billustrations. |
||
| 336 |
_atext _btxt _2rdacontent |
||
| 337 |
_acomputer _bc _2rdamedia |
||
| 338 |
_aonline resource _bcr _2rdacarrier |
||
| 347 |
_atext file _2rdaft |
||
| 347 | _bPDF | ||
| 490 | 1 |
_aUOCpress Comunicación ; _v#24 |
|
| 504 | _aIncludes bibliographical references. | ||
| 588 | 0 | _aOnline resource; title from PDF title page (Digitalia, viewed March 23, 2022) | |
| 650 | 0 |
_aMotion pictures _xAesthetics. |
|
| 650 | 0 | _aExperimental films. | |
| 655 | 0 | _aElectronic books. | |
| 791 | 2 |
_aDigitalia (Firm), _edistributor. |
|
| 793 | 0 |
_gDigitalia eBook Collection: _aUniversitat Oberta de Catalunya |
|
| 776 | 0 | 8 |
_iPrint version: _aSucari, Jacobo. _tDocumental expandido. _bPrimera edición en lengua castellana. _dBarcelona : Editorial UOC, [2012] _z9788490299975 |
| 830 | 0 |
_aUOCpress Comunicación ; _v#24. |
|
| 856 | 4 | 0 |
_3Digitalia Hispánica _uhttps://www.digitaliapublishing.com/a/79331/ |
| 910 | _aPremium collection: 2022 | ||
| 942 | _cRAA | ||
| 999 |
_c264344 _d264344 |
||